000 00627nam a2200217 a 4500
001 68798
003 BD-RjUL
005 20211209081818.0
008 500101s1948 enka 001 0 eng d
035 _a(BD-RjUL)69009
040 _aBD-RjUL
_beng
_cBD-RjUL
_dBD-RjUL
041 _aeng
082 _223
_a539.7
_bFEI 1948
100 1 _aFeather, N.
_q(Norman)
_9201332
245 1 3 _aAn introduction to nuclear physics /
_cby N. Feather.
260 _aCambridge :
_bCambridge University Press,
_c1948
300 _ax, 213 p. :
_bill. ;
_c23 cm.
500 _aIncludes index
650 0 _aNuclear physics.
_9203893
942 _2ddc
_cBK
999 _c68798
_d68798